| 000 | 00818nas a2200277 4500 | ||
|---|---|---|---|
| 001 | BR9902143 | ||
| 003 | BR-BrBNA | ||
| 005 | 20231205101357.0 | ||
| 007 | ta | ||
| 008 | 230509b bl.|||p| |||| 00| 00por d | ||
| 040 |
_aBR-BrBNA _bpor _cBiblioteca Nacional de Agricultura |
||
| 041 | _a(Pt) | ||
| 072 | _aH60 | ||
| 100 | 1 | _aUlbrich, A.V. | |
| 100 | 1 | _aRodrigues, B.N. | |
| 100 | 1 | _aLima, J. de | |
| 245 | 1 | _aEfeito residual dos herbicidas imazaquin e imazethapyr, aplicados na soja, sobre o milho safrinha | |
| 650 | _aMilho | ||
| 650 | _aHerbicida | ||
| 650 | _aEfeito Residual | ||
| 650 | _aFitotoxicidade | ||
| 650 | _aCromatografia | ||
| 773 | 0 |
_tPlanta Daninha (Brazil) _xISSN 0100-8358 _g(1998), v. 16(2) p. 137-147 _wBR9902143 |
|
| 909 |
_a202311 _bLúcia _c55 _dLúcia Elande |
||
| 942 |
_2AGRIS _n0 _cANA |
||
| 999 |
_c161456 _d161456 |
||